Countries by Proven Oil Reserves - Statistics

General Stats
  • This quiz has been taken 316 times
  • The average score is 73 of 100
Answer Stats
Hint Answer % Correct
175200 Canada
97%
157300 Iran
97%
268350 Saudi Arabia
97%
103000 Russia
96%
30529 United States of America
96%
140300 Iraq
94%
6900 United Kingdom
94%
13986 Brazil
93%
297740 Venezuela
93%
25585 China
92%
10364 Mexico
92%
6900 Norway
92%
4500 Egypt
90%
48014 Libya
90%
465 Argentina
89%
4158 Australia
89%
5710 India
89%
2377 Colombia
87%
97800 United Arab Emirates
87%
9940 Algeria
86%
101 France
86%
104000 Kuwait
86%
37200 Nigeria
86%
5500 Oman
86%
4118 Indonesia
85%
262 Turkey
85%
3000 Yemen
85%
25382 Qatar
84%
2800 Sudan
84%
44 Japan
83%
15 South Africa
83%
125 Bahrain
82%
150 Chile
82%
313 Pakistan
81%
1240 Peru
81%
150 Spain
81%
2500 Syria
81%
10470 Angola
80%
400 Italy
80%
7000 Ecuador
79%
276 Germany
79%
30002 Kazakhstan
79%
0.7 Morocco
79%
166 New Zealand
79%
594 Uzbekistan
78%
4400 Vietnam
78%
180 Democratic Republic of the Congo
77%
2 Israel
76%
5800 Malaysia
76%
442 Thailand
76%
1500 Chad
75%
10 Greece
75%
395 Ukraine
75%
96 Poland
74%
650 Romania
73%
7000 Azerbaijan
72%
900 Denmark
72%
1940 Republic of the Congo
72%
425 Tunisia
72%
600 Turkmenistan
72%
80 Afghanistan
70%
200 Bolivia
69%
1 Jordan
69%
124 Cuba
67%
0.4 Ethiopia
66%
35 Georgia
66%
12 Tajikistan
66%
5000 Ghana
65%
310 Netherlands
65%
200 Cameroon
64%
2493 Mongolia
64%
168 Philippines
64%
79 Suriname
64%
15 Bulgaria
63%
3700 Gabon
62%
26 Hungary
61%
100 Mauritania
61%
77 Serbia
61%
28 Bangladesh
60%
198 Belarus
60%
83 Guatemala
60%
1200 Brunei
59%
89 Austria
57%
40 Kyrgyzstan
57%
2 Taiwan
57%
66 Croatia
55%
1000 Uganda
54%
100 Ivory Coast
53%
9 Slovakia
52%
170 Papua New Guinea
51%
8 Benin
50%
199 Albania
48%
12 Lithuania
48%
830 Trinidad and Tobago
43%
1705 Equatorial Guinea
42%
50 Burma
41%
554 East Timor
38%
15 Czech Republic
37%
7 Belize
36%
2 Barbados
24%
No matching quizzes found
Score Distribution
Percent of People with Each Score
Percentile by Number Answered
Your Score History
You have not taken this quiz